000 003190000a22000970004500
100 1 _aSánchez Cetina, Edesio
245 1 0 _aDos propuestas de "La Biblia en lenguaje sencillo" para la traducción de textos
300 _aVol. 9, Num 2 (II Semestre, 1999), Páginas 23-26
773 0 _tTraducción de la Biblia
942 _cANA
999 _c52720
_d52720